000 00840nam a22002657a 4500
001 BR7500223
003 BR-BrBNA
005 20230928084715.0
007 ta
008 230509b bl.||||| |||| 00| 0 por d
040 _aBR-BrBNA
_bpor
_cBiblioteca Nacional de Agricultura
041 _a(Por)
072 _aE10
_b/G514
090 _ E10 BR7500223
110 1 _aServico Federal de Habitacao e Urbanismo, Rio de Janeiro, GB (Brasil)
_99342
245 1 _aRelatorio preliminar de desenvolvimento integrado. Municipio de Pereiro, Ceara [Brasil; Aspecto fisico; Demografia; Economia; Infra-estrutura; Agropecuaria]
260 3 _aRio de Janeiro, GB (Brasil):
_c1974.
300 _a109 p.
500 _a21 ref.
650 _aECONOMIA
650 _aCEARA
650 _aDEMOGRAFIA
909 _a202309
_bLucia
_c55
_dLucia Elande
942 _cBK
999 _c20616
_d20616